| 000 | 01311nam a22002777a 4500 | ||
|---|---|---|---|
| 999 |
_c47132 _d47132 |
||
| 001 | 20781 | ||
| 003 | CO-MdFUSB | ||
| 005 | 20180622073209.0 | ||
| 008 | 160826t2009 enk||||| |||| 00| 0 eng d | ||
| 020 | _a978-0-281-05931-7 | ||
| 040 |
_aCO-MdFUSB _bEspañol _cCO-MdFUSB _dCO-MdFUSB _erda |
||
| 041 | _aeng | ||
| 082 |
_224 _aG 227.107 _bOA11r |
||
| 100 | 1 |
_aOakes, Peter _eautor |
|
| 245 | 1 | 0 |
_aReading Romans in Pompeii _b:Paul's letter at ground level _c/Peter Oakes |
| 264 | 4 |
_aLondon : _bSPCK, _c©2009 |
|
| 300 | _axiii, 194 páginas | ||
| 336 |
_2rdacontent _atexto _btxt |
||
| 337 |
_2rdamedia _asin mediación _bn |
||
| 338 |
_2rdacarrier _avolumen _bnc |
||
| 500 | _aIncluye índices (p. 287-194) Rústico | ||
| 501 | _aCasas de los trabajadores de artesanías, un bar y una mansión -- Casas pompeyanas y la sociedad del primer siglo -- Una casa de trabajador de artesanía como el modelo de una iglesia en casa para la lectura de Romanos -- Romanos 12 para el modelo de iglesia en una casa de trabajador de artesanía -- Primus, Sabina, Iris: La justicia, la supervivencia, la tensión -- Holconius y la salvación judía de un pueblo santo -- Lectura de Romanos en vista de la diversidad social del primer siglo | ||
| 653 | _aNuevo Testamento -- Romanos | ||
| 653 | _aExégesis | ||
| 942 | _cBK | ||